000
00300nam a2200133Ia 4500
008
240624s9999 xx 000 0 und d
041
_a
eng
082
_a
823 TEJ
100
_a
TEJPAL TARUN
245
_a
ALCHEMY OF DESIRE
260
_c
2006
_a
New Delhi
_b
Picador
300
_a
518 : p.
365
_c
RS
999
_c
17113
_d
17113